Zlepší přechod na IAS odhady výkonnosti firmy?

Nezhoda o metodických aparátoch umožňujúcich meranie MVA (Market value added) ako ukazovateľa pri meraní výkonnosti podniku. Cieľom medzinárodnej harmonizácie účtovníctva je zaistiť medzinárodné porovnanie informácií o finančnej situácii a výsledkoch hospodárenia ekonomických subjektov. Prechod na I...

Ausführliche Beschreibung

Gespeichert in:
Bibliographische Detailangaben
1. Verfasser: Leciánová, Gabriela
Format: Buchkapitel
Sprache:Tschechisch
Schlagworte:
Tags: Tag hinzufügen
Keine Tags, Fügen Sie das erste Tag hinzu!

MARC

LEADER 00000naa$a2200000$$$4500
001 0014363
005 20221128113002.7
041 0 |a cze 
044 |a SK 
245 1 0 |a Zlepší přechod na IAS odhady výkonnosti firmy?  |c aut. Gabriela Leciánová 
520 |a Nezhoda o metodických aparátoch umožňujúcich meranie MVA (Market value added) ako ukazovateľa pri meraní výkonnosti podniku. Cieľom medzinárodnej harmonizácie účtovníctva je zaistiť medzinárodné porovnanie informácií o finančnej situácii a výsledkoch hospodárenia ekonomických subjektov. Prechod na IAS je strategickým podnikateľským problémom. Problematické okruhy v súčasnej úprave ČR a IAS. 
610 2 0 |a Česko 
610 2 0 |a podnik 
610 2 0 |a účtovníctvo medzinárodné 
610 2 0 |a štandardy účtovné medzinárodné 
610 2 0 |a ukazovatele 
610 2 0 |a hodnota pridaná 
610 2 0 |a hodnota pridaná ekonomická 
610 2 0 |a výkonnosť 
610 2 0 |a odhady 
100 1 |a Leciánová, Gabriela